[Event "Athens PAO op 17th"]
[Site "Athens"]
[Date "2024.03.29"]
[Round "3"]
[White "Moschovakis, Dimitrios"]
[Black "Ignatiadis, Theodoros"]
[Result "0-1"]
[WhiteElo "1575"]
[BlackElo "1922"]
[PlyCount "102"]
[EventDate "2024.03.15"]
[EventType "swiss"]
[EventRounds "7"]
[EventCountry "GRE"]
[SourceTitle "CBM 220 Extra"]
[Source "ChessBase"]
[SourceDate "2024.07.31"]
[SourceVersion "1"]
[SourceVersionDate "2024.07.31"]
[SourceQuality "1"]

1. e4 e6 2. b3 d5 3. Bb2 dxe4 4. Nc3 Nf6 5. Qe2 Nc6 6. Nxe4 Be7 7. 0-0-0 a5 8. a4 Nd4 9. Qd3 Nxe4 10. Qxe4 Bf6 11. Nf3 Nxf3 12. Qxf3 Bxb2+ 13. Kxb2 c6 14. Qc3 Qf6 15. Be2 Ke7 16. Bf3 Qxc3+ 17. Kxc3 Bd7 18. Rhe1 Ra7 19. d4 Rc8 20. Kb2 b5 21. d5 cxd5 22. axb5 Kf6 23. Be2 Rb8 24. Ra1 Bxb5 25. Bxb5 Rxb5 26. Ra4 Rc7 27. Rea1 Rbc5 28. Rc1 e5 29. b4 axb4 30. Rxb4 d4 31. f4 Rc3 32. fxe5+ Kxe5 33. Re1+ Re3 34. Rb8 Rxe1 35. Re8+ Kf4 36. Rxe1 f6 37. Re2 h5 38. Re1 Rc6 39. Re2 g5 40. Kb3 g4 41. Re1 Rc3+ 42. Kb2 Re3 43. Rf1+ Ke5 44. Rf2 h4 45. Kc1 g3 46. hxg3 hxg3 47. Rf1 Re2 48. Rg1 f5 49. Kd1 Rf2 50. Re1+ Kd5 51. Rg1 Kc4 0-1

[Event "Athens PAO CC-ch 16th"]
[Site "Athens"]
[Date "2024.02.02"]
[Round "3"]
[White "Kiryttopoulos, Panagiotis Aris"]
[Black "Ignatiadis, Theodoros"]
[Result "1-0"]
[WhiteElo "1529"]
[BlackElo "1870"]
[PlyCount "48"]
[EventDate "2024.01.19"]
[EventType "swiss"]
[EventRounds "7"]
[EventCountry "GRE"]
[SourceTitle "CBM 219 Extra"]
[Source "ChessBase"]
[SourceDate "2024.05.31"]
[SourceVersion "1"]
[SourceVersionDate "2024.05.31"]
[SourceQuality "1"]

1. d4 Nf6 2. c4 c5 3. d5 b5 4. cxb5 a6 5. e3 g6 6. Nc3 Bg7 7. Nf3 0-0 8. bxa6 Bxa6 9. Bxa6 Nxa6 10. 0-0 d6 11. e4 Nd7 12. Bf4 Qa5 13. Qd2 Nb6 14. Bh6 Nc4 15. Qc1 Rfb8 16. Bxg7 Kxg7 17. b3 Na3 18. Na4 Qb4 19. e5 c4 20. exd6 exd6 21. Qb2+ Kg8 22. Nd4 Qxa4 23. Nc6 Rb7 24. Ne7+ Kf8 1-0

[Event "Athens PAO CC-ch 16th"]
[Site "Athens"]
[Date "2024.01.19"]
[Round "1"]
[White "Kiryttopoulou, Eleonora Kaisa"]
[Black "Ignatiadis, Theodoros"]
[Result "0-1"]
[WhiteElo "1016"]
[BlackElo "1870"]
[PlyCount "91"]
[EventDate "2024.01.19"]
[EventType "swiss"]
[EventRounds "7"]
[EventCountry "GRE"]
[SourceTitle "CBM 219 Extra"]
[Source "ChessBase"]
[SourceDate "2024.05.31"]
[SourceVersion "1"]
[SourceVersionDate "2024.05.31"]
[SourceQuality "1"]

1. e4 e6 2. d4 d5 3. exd5 exd5 4. Bd3 Nf6 5. c3 Nc6 6. h3 Be6 7. Nf3 Bd6 8. 0-0 h6 9. Re1 0-0 10. Be3 Nd7 11. Qd2 Qf6 12. Qc2 Bxh3 13. Nbd2 Bg4 14. Rac1 Rfe8 15. c4 Nb4 16. Qb3 Nxd3 17. Qxd3 dxc4 18. Qxc4 Nb6 19. Qc2 Bxf3 20. Nxf3 Nd5 21. Bd2 Nf4 22. Bxf4 Bxf4 23. Rcd1 Rad8 24. Qc3 Qb6 25. Rxe8+ Rxe8 26. Re1 Rxe1+ 27. Nxe1 Bd6 28. Nf3 Qb4 29. Qxb4 Bxb4 30. Kf1 f6 31. Ke2 Kf7 32. Ke3 Ke6 33. Ke4 c6 34. Nh4 h5 35. Ng6 Bd6 36. Nf4+ Bxf4 37. Kxf4 g5+ 38. Ke4 f5+ 39. Kf3 Kd5 40. Ke3 f4+ 41. Kd3 b5 42. a3 a5 43. b3 h4 44. f3 g4 45. fxg4 f3 46. Ke3 0-1

[Event "Ermoupoli"]
[Site "Ermoupoli"]
[Date "1996.??.??"]
[Round "2"]
[White "Ignatiadis, Theodoros"]
[Black "Karagiannis, Athanasios"]
[Result "0-1"]
[WhiteElo "2375"]
[BlackElo "2375"]
[PlyCount "71"]
[EventDate "1996.??.??"]
[EventType "swiss"]
[EventRounds "7"]
[EventCountry "GRE"]
[SourceTitle "EXT 1997"]
[Source "ChessBase"]
[SourceDate "1996.11.15"]
[SourceVersion "1"]
[SourceVersionDate "1996.11.15"]
[SourceQuality "1"]

1. e4 Nf6 2. Nc3 d6 3. d4 c6 4. f3 g6 5. Be3 Qb6 6. Na4 Qa5+ 7. Nc3 Bg7 8. Qd2 b5 9. Bd3 0-0 10. Nge2 a6 11. Nd1 Qc7 12. Bh6 c5 13. Bxg7 Kxg7 14. c3 Nc6 15. Ne3 Rb8 16. d5 Ne5 17. Rc1 e6 18. Bb1 exd5 19. exd5 Re8 20. 0-0 Qb6 21. Kh1 Nc4 22. Nxc4 bxc4 23. Ng3 Qxb2 24. Qf4 Re5 25. Be4 Qa3 26. Qe3 Nxd5 27. Qd2 Rb2 28. Qd1 Ne3 29. Qxd6 Re6 30. Nh5+ gxh5 31. Qf4 Nxf1 32. Qg5+ Kf8 33. Qd8+ Re8 34. Qd6+ Kg7 35. Rxf1 Qxc3 36. Qg3+ 0-1